| 000 | 01815nam a2200469Ii 4500 | ||
|---|---|---|---|
| 001 | DIGHERDER0728 | ||
| 003 | NyNyDIG | ||
| 006 | m o d | ||
| 007 | cr ||||||||||| | ||
| 008 | 250218s2024 sp ob 000 0 spa d | ||
| 035 | _a(OCoLC)1460463035 | ||
| 040 |
_aDGITA _beng _erda _epn _cDGITA |
||
| 020 |
_a9788425451904 _qePub |
||
| 020 | _z9788425451898 | ||
| 041 | 1 |
_aspa _hfre |
|
| 050 | 1 | 4 | _aJC319 ebook |
| 100 | 1 |
_aFumey, Gilles, _eauthor. |
|
| 240 | 1 | 0 |
_aGéopolitique de l'alimentation. _lSpanish _s(Pons Irazazábal) |
| 245 | 1 | 0 |
_aGeopolítica de la alimentación / _cGilles Fumey ; traducción de Maria Pons Irazazábal. |
| 250 | _a1a edición digital. | ||
| 264 | 1 |
_aBarcelona : _bHerder Editorial, _c2024. |
|
| 300 | _a1 online resource. | ||
| 336 |
_atext _btxt _2rdacontent |
||
| 337 |
_acomputer _bc _2rdamedia |
||
| 338 |
_aonline resource _bcr _2rdacarrier |
||
| 347 |
_atext file _2rdaft |
||
| 347 | _bEPUB | ||
| 490 | 1 | _aSalto de fondo | |
| 504 | _aIncludes bibliographical references. | ||
| 588 | 0 | _aOnline resource; title from ePub title page (Digitalia, viewed February 18, 2025) | |
| 650 | 0 |
_aGeopolitics _xEconomic aspects. |
|
| 650 | 0 | _aFood supply. | |
| 700 | 1 |
_aPons Irazazábal, María, _etranslator. |
|
| 700 | 1 |
_iTranslation of: _aFumey, Gilles. _tGéopolitique de l'alimentation. |
|
| 776 | 0 | 8 |
_iPrint version: _aFumey, Gilles. _sGéopolitique de l'alimentation. Spanish (Pons Irazazábal). _tGeopolítica de la alimentación. _dBarcelona : Herder Editorial, 2024 _z9788425451898 |
| 791 | 2 |
_aDigitalia (Firm), _edistributor. |
|
| 793 | 0 |
_gDigitalia eBook Collection: _aHerder Editorial |
|
| 830 | 0 | _aSalto de fondo. | |
| 856 | 4 | 0 |
_3Digitalia Hispánica _uhttps://www.digitaliapublishing.com/a/169961/ |
| 910 | _aPremium collection: 2025 | ||
| 942 | _cRAA | ||
| 999 |
_c290295 _d290295 |
||